<?xml version="1.0" encoding="UTF-8"?>
<record
    xmlns:xsi="http://www.w3.org/2001/XMLSchema-instance"
    xsi:schemaLocation="http://www.loc.gov/MARC21/slim http://www.loc.gov/standards/marcxml/schema/MARC21slim.xsd"
    xmlns="http://www.loc.gov/MARC21/slim">

  <leader>00471nam a2200169Ia 4500</leader>
  <controlfield tag="003">3228</controlfield>
  <controlfield tag="005">20220901112726.0</controlfield>
  <controlfield tag="008">ENGLISH</controlfield>
  <datafield tag="020" ind1=" " ind2=" ">
    <subfield code="a">9781770081741</subfield>
    <subfield code="q">Hardcover</subfield>
  </datafield>
  <datafield tag="040" ind1=" " ind2=" ">
    <subfield code="a">RDA</subfield>
    <subfield code="b">ENGLISH</subfield>
    <subfield code="c">3228</subfield>
  </datafield>
  <datafield tag="082" ind1=" " ind2=" ">
    <subfield code="a">JR 703 LEE</subfield>
    <subfield code="2">SECOND EDITION</subfield>
  </datafield>
  <datafield tag="100" ind1=" " ind2=" ">
    <subfield code="a">LEE DONVE</subfield>
  </datafield>
  <datafield tag="245" ind1=" " ind2="0">
    <subfield code="a">WILLIAM KENTRIDGE</subfield>
    <subfield code="b">DRAWING US INTO A NEW WORLD</subfield>
    <subfield code="c">LEE,DONVE</subfield>
  </datafield>
  <datafield tag="300" ind1=" " ind2=" ">
    <subfield code="a">52 PAGES</subfield>
    <subfield code="b">COLOURED ILLUSTRATIONS</subfield>
    <subfield code="c">21 CM</subfield>
  </datafield>
  <datafield tag="490" ind1=" " ind2=" ">
    <subfield code="a">THE GREAT AFRICAN ARTISTS SERIES</subfield>
  </datafield>
  <datafield tag="942" ind1=" " ind2=" ">
    <subfield code="c">BK</subfield>
    <subfield code="2">ddc</subfield>
    <subfield code="w">160</subfield>
    <subfield code="x">Obi Chimezie</subfield>
    <subfield code="y">160</subfield>
    <subfield code="z">Obi Chimezie</subfield>
  </datafield>
  <datafield tag="999" ind1=" " ind2=" ">
    <subfield code="c">729995</subfield>
    <subfield code="d">729994</subfield>
  </datafield>
</record>
